Представление документа в формате RUSMARC

ПолеНазваниеЗначение
  Тип записи a
  Библиографический уровень m
001 Контрольный номер RU/SLIB/B/208777174
005 Дата корректировки 20201206204325.8
010 Индекс ISBN __
d Цена 2-20
101 Язык документа __
a Язык текста rus
200 Заглавие и сведения об ответственности __
a Заглавие Дипломаты
f Первые сведения об ответственности С. А. Дангулов
b Общее обозначение материала Текст
210 Выходные данные __
a Место издания М.
c Издательство Худож. лит.
d Дата издания 1978
215 Физическое описание __
a Объем 576 с., 1 л. портр.
461 Уровень набора __
1 2001
a Избранные произведения
v Т. 1
606 Тематические рубрики __
a Основная рубрика Художественная литература
z Хронологическая подрубрика 20 в.
y Географическая подрубрика Россия
606 Тематические рубрики __
a Основная рубрика Русская литература XX в. (произведения)
610 Ключевые слова __
a Ключевые слова романы; прозаики; писатели
686 Индексы других классификаций __
a Классификационный индекс 84(2Рос=Рус)6-4
700 Автор __
a Фамилия Дангулов
b Имя С. А.
4 Код отношения 070
801 Источник записи _0
a Страна RU
b Организация Муниципальное бюджетное учреждение культуры "Централизованная библиотечная система" г. Сургут (Центральная городская библиотека им. А. С. Пушкина)
g Правила каталогизации КиК/Михайлова
801 Источник записи _1
a Страна RU
b Организация Муниципальное бюджетное учреждение культуры "Централизованная библиотечная система" г. Сургут (Центральная городская библиотека им. А. С. Пушкина)
g Правила каталогизации КиК/Михайлова
852 Данные о местонахождении __
j Шифр хранения 84(2Рос=Рус)6-4
i Авторский знак Д 17
p Инвентарный номер 127391(с)
901 Тип документа __
t Тип документа m
990 Данные о заказе (DOS) __
j Количество экземпляров (DOS) 2
t N записи в КСУ для И/У (DOS) ретро